Datum a čas kvízu
18
Celkem bodů
Celkový počet nahraných bodů na tomto kvízu bez doplňovacích otázek.
4.
Pořadí na kvízu
Konečné umístění týmu na tomto kvízu.
Zaznamenané odpovědi
| # | Otázka | Odpověď | Body | Výsledky |
|---|---|---|---|---|
| 1. | Zástupci organizace Liga Libe... | v roušce | 0 | |
| 2. | V pátek byl v italských Benátk... | Mojžíš | 0 | |
| 3. | V pondělí zemřel hudební sklad... | 91 let | 0 | |
| 4. | Automobilka Tesla nedávno popr... | šortky | 0 | |
| 5. | Stáj Renault minulý týden ohlá... | Fernando Alonso | 1 | |
| 6. | Různé návykové látky jsou užív... | zelená, peprmintka | 0 | |
| 7. | Užívání tabákových výrobků je... | polevím z vysokejch otáček | 0 | |
| 8. | Konopí se odpradávna používá j... | kanabinoidy | 0 | |
| 9. | Opium se získává z nezralých m... | latex | 0 | |
| 10. | Kokain je získáván z listů tro... | D | 0 |